|
|
|
|
| LEADER |
00000nam0a2200000 4500 |
| 001 |
281641 |
| 005 |
20231101235424.0 |
| 035 |
|
|
|a (RuTPU)RU\TPU\book\305464
|
| 090 |
|
|
|a 281641
|
| 100 |
|
|
|a 20150124d1984 m y0rusy50 ca
|
| 101 |
0 |
|
|a rus
|
| 102 |
|
|
|a RU
|
| 105 |
|
|
|a a z 000za
|
| 200 |
1 |
|
|a Все океаны рядом
|f В. М. Гришанов
|
| 210 |
|
|
|a Москва
|c Воениздат
|d 1984
|
| 215 |
|
|
|a 256 с.
|c ил.
|
| 225 |
1 |
|
|a Военные мемуары
|
| 606 |
1 |
|
|a Военно-морской флот
|y СССР
|2 stltpush
|3 (RuTPU)RU\TPU\subj\3263
|9 31708
|
| 610 |
1 |
|
|a история
|
| 610 |
1 |
|
|a морской флот
|
| 610 |
1 |
|
|a патриотическое воспитание
|
| 610 |
1 |
|
|a политическое управление
|
| 610 |
1 |
|
|a океаны
|
| 610 |
1 |
|
|a военные деятели
|
| 610 |
1 |
|
|a крейсеры
|
| 610 |
1 |
|
|a боеспособность
|
| 610 |
1 |
|
|a мемуары
|
| 686 |
|
|
|a Ц66,6(2)
|v LBC/SL-A
|2 rubbk
|
| 700 |
|
1 |
|a Гришанов
|b В. М.
|g Василий Максимович
|
| 801 |
|
1 |
|a RU
|b 63413507
|c 20150124
|
| 801 |
|
2 |
|a RU
|b 63413507
|c 20170720
|g RCR
|
| 942 |
|
|
|c BK
|